Besar_ y olvidar (Record no. 186612)

MARC details
000 -LEADER
campo de control de longitud fija 00593nam a2200169 i 4500
001 - NÚMERO DE CONTROL
campo de control 186612
003 - IDENTIFICADOR DE NÚMERO DE CONTROL
campo de control ES-MaACL
005 - FECHA Y HORA DE LA ÚLTIMA TRANSACCIÓN
campo de control 20230906222715.0
008 - DATOS DE LONGITUD FIJA--INFORMACIÓN GENERAL
campo de control de longitud fija 161207s1931 sp |||| | spa d
080 ## - NÚMERO DE LA CLASIFICACIÓN DECIMAL UNIVERSAL
Número de la Clasificación Decimal Universal 821.134.2-31"19"
100 1# - ENTRADA PRINCIPAL--NOMBRE DE PERSONA
Nombre de persona Rosa España
Títulos y otros términos asociados al nombre Seud. de Concha C. de Múgica.
9 (RLIN) 161410
245 10 - MENCIÓN DEL TÍTULO
Título Besar_ y olvidar
Resto del título : (novela) /
Mención de responsabilidad, etc. Rosa España (Concha C. de Múgica).
260 ## - PUBLICACIÓN, DISTRIBUCIÓN, ETC.
Lugar de publicación, distribución, etc. Barcelona :
Nombre del editor, distribuidor, etc. Imp. "La Ibérica",
Fecha de publicación, distribución, etc. 1931.
300 ## - DESCRIPCIÓN FÍSICA
Extensión 262 p. ;
Dimensiones 19 cm.
500 ## - NOTA GENERAL
Nota general Ded. autógr. de la autora a Luis de Madariaga, en 1941.
852 ## - LOCALIZACIÓN
Ubicación ES-MaACL
Número de control de estantería L-30997
condición física - Ejemp. falto de cub.
Holdings
Estatus retirado Estado de pérdida Estado de daño No para préstamo Biblioteca de origen Biblioteca actual Ubicación en estantería Fecha de adquisición Fuente de adquisición Total de préstamos Signatura topográfica completa Código de barras Visto por última vez Precio de reemplazo Tipo de ítem Koha
        Biblioteca del Ateneo de Madrid Biblioteca del Ateneo de Madrid Depósito 2 07/12/2016     L-30997 1196792 23/02/2023 23/02/2023 Libro impreso